000 00665nam a2200277Ia 4500
005 20260324134633.0
008 008 260324s9999 xx 000 0 eng d
020 _a9780429136405
037 _aEBOOK
040 _aCRL
040 _beng
040 _cCRL
041 _2eng
041 _aeng
084 _qCRL
100 _aSung Wan Kim; Raphael M. Ottenbrite
_91197582
245 0 _aPolymeric Drugs and Drug Delivery Systems
260 _bTaylor and Francis
260 _c2001
365 _a
365 _b355
856 _uhttp://www.taylorfrancis.com/books/9780429136405
942 _cEBOOK
999 _c1797861
_d1797861